| 000 | 00527nam a2200193 4500 | ||
|---|---|---|---|
| 001 | 139348 | ||
| 003 | ES-MaACL | ||
| 005 | 20230906195756.0 | ||
| 007 | t| | ||
| 008 | 070214s1971 it r ||||1| ita d | ||
| 100 | 1 |
_aSartoris, Alberto. _9103891 |
|
| 245 | 1 | 0 |
_aBonfanti / _cAlberto Sartoris. |
| 260 |
_aBérgamo : _bCattaneo, _c1971. |
||
| 300 |
_aXX, 78 p. : _bil. ; _c18 cm. |
||
| 490 | 1 | _aLe musée de Poche | |
| 830 | 0 |
_aLe musée de Poche _9220216 |
|
| 852 |
_aES-MaACL _jC-46623 _bR.80321 |
||
| 999 |
_c139348 _d139348 |
||